000 00628nam a2200181 i 4500
001 46046
003 ES-MaACL
005 20250828083958.0
007 t|
008 030327s1957 sz ||||1| fre d
111 2 _aConférence Internationale de l'Instruction Publique (
_n20ª.
_d1957.
_cGinebra)
_9159
245 1 0 _aXX Conférence Internationale de l'Instruction Publique, Genève, 1957
_b: nº 187.
260 _aGenève :
_bBureau International d'Education,
_c1957.
300 _a174 p. ;
_c24 cm.
710 2 0 _aOficina Internacional de Educación
_96022
852 _aES-MaACL
_jC-15342
_bR.42846
999 _c46046
_d46046